Las privatizaciones y el bienestar social en América Latina /

Este articulo busca extraer las enseñanzas que han dejado algunos de los procesos de privatización ocurridos en América Latina, sobre todo en lo que se refiere a los beneficios sociales, reflexión que parece muy oportuna en el actual contexto nacional y centroamericano.

Guardado en:
Bibliografiske detaljer
Hovedforfatter: Devlin, Robert
Format: Texto
Fag:
Tags: Tilføj Tag
Ingen Tags, Vær først til at tagge denne postø!

MARC

LEADER 00000 a a2200000 04500
001 46809
003
040
090 |a REV0229 (85) 1995  
100 |a Devlin, Robert  
245 |a Las privatizaciones y el bienestar social en América Latina /  |c Robert Devlin  
520 |a Este articulo busca extraer las enseñanzas que han dejado algunos de los procesos de privatización ocurridos en América Latina, sobre todo en lo que se refiere a los beneficios sociales, reflexión que parece muy oportuna en el actual contexto nacional y centroamericano.  
650 |a PRIVATIZACION  
650 |a EMPRESAS PUBLICAS  
650 |a BIENESTAR SOCIAL  
650 |a AMERICA LATINA  
773 |g número85, (1995), Páginas 1-72  
999 |c 37098  |d 37098